Interdisciplinary Journal for Religion and Transformation in Contemporary Society .

محفوظ في:

التنسيق: دورية

اللغة: Undetermined

الموضوعات:

الوصول للمادة أونلاين: Login to view Source

الوسوم: إضافة وسم

لا توجد وسوم, كن أول من يضع وسما على هذه التسجيلة!

رقم الطلب:

LEADER 00571nms a2200181Ia 4500
005 20240402055039.0
008 240131s9999||||xx |||||||||||||||||und||
999 |c 56479  |d 56479 
022 |a 2364-2807 
022 |a 2365-3140 
245 0 0 |a Interdisciplinary Journal for Religion and Transformation in Contemporary Society . 
336 |2 rdacontent  |a text  |b txt 
337 |2 rdamedia  |a unmediated  |b n 
338 |2 rdacarrier  |a volume  |b n 
500 |a BRILLBRILLJ 
650 4 |a Religion & beliefs. 
856 |z JRAT  |u https://brill.com/view/journals/jrat/jrat-overview.xml 
942 |2 lcc  |c EJL